[Event "POL-ch U13 Girls Qual"]
[Site "Jastrzebia Gora"]
[Date "2021.11.19"]
[Round "7"]
[White "Branka, Julia"]
[Black "Stankiewicz, Zofia"]
[Result "0-1"]
[WhiteElo "1200"]
[BlackElo "1178"]
[PlyCount "156"]
[EventDate "2021.11.15"]
[EventType "swiss"]
[EventRounds "9"]
[EventCountry "POL"]
[SourceTitle "EXT 2023"]
[Source "ChessBase"]
[SourceDate "2022.10.05"]
[SourceVersion "1"]
[SourceVersionDate "2022.10.05"]
[SourceQuality "1"]

1. d4 d5 2. c4 c6 3. cxd5 cxd5 4. Nc3 Nf6 5. Bf4 Nc6 6. Nf3 Qb6 7. b3 Bf5 8. g3 e6 9. a3 Rc8 10. Na4 Qd8 11. Bg2 Na5 12. Ra2 b5 13. Nc5 Ne4 14. Nxe4 Bxe4 15. 0-0 Be7 16. Ne5 Bxg2 17. Kxg2 f6 18. Nf3 g5 19. Bd2 Nc6 20. Be3 f5 21. Qd2 Rg8 22. Kh1 h6 23. b4 Bd6 24. Rc2 Kd7 25. Rfc1 Qf6 26. Qd3 a6 27. Rc3 Rc7 28. Qc2 Rgc8 29. Bd2 g4 30. Ne5+ Nxe5 31. dxe5 Bxe5 32. Rxc7+ Rxc7 33. Qd1 Rxc1 34. Qxc1 h5 35. Qc2 h4 36. a4 h3 37. axb5 axb5 38. Qd3 Kc6 39. Qc2+ Kd7 40. Qc5 Bd6 41. Qxb5+ Ke7 42. Qb7+ Ke8 43. Qc6+ Ke7 44. b5 Qa1+ 45. Qc1 Qxc1+ 46. Bxc1 Kd7 47. Be3 Kc7 48. b6+ Kb7 49. Kg1 e5 50. Kf1 d4 51. Bd2 Kxb6 52. f3 Kc5 53. fxg4 fxg4 54. Kf2 Kc4 55. Ke1 Bb4 56. Bxb4 Kxb4 57. Kd2 Kc4 58. Kc2 e4 59. Kd2 d3 60. exd3+ exd3 61. Kd1 Kd4 62. Kd2 Ke4 63. Ke1 Ke3 64. Kd1 d2 65. Kc2 Ke2 66. Kc3 d1Q 67. Kc4 Qd3+ 68. Kc5 Qe4 69. Kd6 Qf5 70. Kc6 Qe5 71. Kb6 Qd5 72. Ka6 Qb3 73. Ka5 Qb7 74. Ka4 Qb6 75. Ka3 Qb5 76. Ka2 Kd3 77. Ka3 Kc2 78. Ka2 Qb2# 0-1